[Event "Gibraltar Challengers B 2020"]
[Site "Caleta"]
[Date "2020.01.27"]
[Round "4.20"]
[White "Meszaros, Andras"]
[Black "Cannon, Richard J"]
[Result "1-0"]
[WhiteElo "2244"]
[BlackElo "1990"]
[Annotator "ChessBase"]
[PlyCount "63"]
[EventDate "2020.01.20"]
[EventType "swiss"]
[EventCountry "GGB"]
[SourceTitle "playchess.com"]
[Source "ChessBase"]
[SourceQuality "1"]
[TimeControl "6600+10"]

1. e4 {[%emt 0:00:00]} e6 {[%emt 0:00:00]} 2. b3 {[%emt 0:00:03]} b6 {[%emt 0:00:04]} 3. Nc3 {[%emt 0:02:04]} Bb7 {[%emt 0:01:34]} 4. Nf3 {[%emt 0:00:11]} c5 {[%emt 0:00:32]} 5. Bb2 {[%emt 0:00:39]} Nc6 {[%emt 0:00:35]} 6. g3 {[%emt 0:04:08]} a6 {[%emt 0:02:10]} 7. Bg2 {[%emt 0:00:11]} Nf6 {[%emt 0:01:24]} 8. O-O {[%emt 0:00:13]} Qc7 {[%emt 0:00:39]} 9. Re1 {[%emt 0:00:17]} d6 {[%emt 0:01:03]} 10. d4 {[%emt 0:06:31]} cxd4 {[%emt 0:00:28]} 11. Nxd4 {[%emt 0:00:04]} Be7 {[%emt 0:00:36]} 12. a4 {[%emt 0:42:39]} Rc8 {[%emt 0:05:00]} 13. Nce2 {[%emt 0:05:10]} Nb8 {[%emt 0:06:53]} 14. c4 {[%emt 0:00:18]} Bxe4 {[%emt 0:03:02]} 15. Bxe4 {[%emt 0:02:17]} Nxe4 {[%emt 0:00:05]} 16. Nf4 {[%emt 0:00:16]} Qb7 {[%emt 0:02:32]} 17. Qe2 {[%emt 0:08:50]} Nf6 {[%emt 0:18:07]} 18. Nf5 {[%emt 0:02:03]} exf5 {[%emt 0:05:15]} 19. Bxf6 {[%emt 0:00:07]} gxf6 {[%emt 0:00:11]} 20. Nd5 {[%emt 0:00:03]} Nc6 {[%emt 0:00:50]} 21. Qf3 {[%emt 0:00:08]} Rb8 {[%emt 0:03:12]} 22. Qxf5 {[%emt 0:00:38]} O-O {[%emt 0:04:51]} 23. Rxe7 {[%emt 0:00:36]} Qxe7 {[%emt 0:06:47]} 24. Nxe7+ {[%emt 0:00:49]} Nxe7 {[%emt 0:00:06]} 25. Qxf6 {[%emt 0:00:04]} Ng6 {[%emt 0:01:17]} 26. Rd1 {[%emt 0:00:15]} b5 {[%emt 0:02:01]} 27. cxb5 {[%emt 0:00:06]} axb5 {[%emt 0:00:06]} 28. a5 {[%emt 0:00:02]} Ra8 {[%emt 0:02:04]} 29. b4 {[%emt 0:00:11]} Rfe8 {[%emt 0:01:00]} 30. Rxd6 {[%emt 0:00:09]} Ne5 {[%emt 0:02:32]} 31. h4 {[%emt 0:00:20]} Rac8 {[%emt 0:00:24]} 32. h5 {[%emt 0:00:15]} 1-0

[Event "Gibraltar Challengers B 2020"]
[Site "Caleta"]
[Date "2020.01.27"]
[Round "4.21"]
[White "Havik, Victor"]
[Black "Boardman, Jeffrey"]
[Result "1-0"]
[WhiteElo "2101"]
[BlackElo "1972"]
[Annotator "ChessBase"]
[PlyCount "104"]
[EventDate "2020.01.20"]
[EventType "swiss"]
[EventCountry "GGB"]
[SourceTitle "playchess.com"]
[Source "ChessBase"]
[SourceQuality "1"]
[TimeControl "6600+10"]

1. c4 {[%emt 0:06:41]} Nf6 {[%emt 0:00:39]} 2. Nf3 {[%emt 0:01:31]} c6 {[%emt 0:00:42]} 3. g3 {[%emt 0:01:14]} g6 {[%emt 0:00:52]} 4. Bg2 {[%emt 0:00:11]} Bg7 {[%emt 0:00:11]} 5. O-O {[%emt 0:01:25]} O-O {[%emt 0:00:25]} 6. d4 {[%emt 0:04:27]} d5 {[%emt 0:00:16]} 7. Nc3 {[%emt 0:00:12]} dxc4 {[%emt 0:09:07]} 8. a4 {[%emt 0:02:21]} a5 {[%emt 0:09:17]} 9. h3 {[%emt 0:02:03]} Na6 {[%emt 0:01:45]} 10. e4 {[%emt 0:03:42]} Nb4 {[%emt 0:00:26]} 11. Be3 {[%emt 0:00:12]} Bd7 {[%emt 0:07:58]} 12. Ne5 {[%emt 0:03:46]} b5 {[%emt 0:07:44]} 13. f4 {[%emt 0:00:22]} Ne8 {[%emt 0:03:04]} 14. g4 {[%emt 0:07:20]} Bxe5 {[%emt 0:11:18]} 15. fxe5 {[%emt 0:00:50]} Nd3 {[%emt 0:01:00]} 16. b3 {[%emt 0:10:00]} c5 {[%emt 0:09:53]} 17. e6 {[%emt 0:20:21]} Bxe6 {[%emt 0:17:30]} 18. d5 {[%emt 0:00:25]} Bd7 {[%emt 0:07:05]} 19. axb5 {[%emt 0:01:29]} Qb6 {[%emt 0:00:41]} 20. bxc4 {[%emt 0:00:26]} Ne5 {[%emt 0:01:35]} 21. Na4 {[%emt 0:00:35]} Qc7 {[%emt 0:00:15]} 22. Rc1 {[%emt 0:00:22]} Nd6 {[%emt 0:00:33]} 23. Qe2 {[%emt 0:00:14]} Nb7 {[%emt 0:00:46]} 24. Bf4 {[%emt 0:01:17]} f6 {[%emt 0:00:46]} 25. Qe3 {[%emt 0:03:58]} Rac8 {[%emt 0:01:50]} 26. Qc3 {[%emt 0:01:02]} Qd6 {[%emt 0:01:16]} 27. g5 {[%emt 0:01:26]} Rce8 {[%emt 0:01:06]} 28. Rc2 {[%emt 0:01:50]} Ra8 {[%emt 0:00:20]} 29. Nb2 {[%emt 0:08:30]} Nd8 {[%emt 0:05:23]} 30. Nd3 {[%emt 0:00:34]} Ndf7 {[%emt 0:00:04]} 31. Ra2 {[%emt 0:00:46]} a4 {[%emt 0:00:35]} 32. Rfa1 {[%emt 0:00:16]} Qc7 {[%emt 0:03:53]} 33. Rxa4 {[%emt 0:00:35]} Rxa4 {[%emt 0:00:07]} 34. Rxa4 {[%emt 0:00:04]} Qc8 {[%emt 0:00:46]} 35. gxf6 {[%emt 0:06:29]} exf6 {[%emt 0:00:32]} 36. Nxe5 {[%emt 0:08:35]} Nxe5 {[%emt 0:01:19]} 37. Bxe5 {[%emt 0:00:42]} fxe5 {[%emt 0:00:05]} 38. Qxe5 {[%emt 0:00:05]} Bxh3 {[%emt 0:00:08]} 39. Bxh3 {[%emt 0:00:05]} Qxh3 {[%emt 0:00:06]} 40. Qe6+ {[%emt 0:00:04]} Qxe6 {[%emt 0:00:12]} 41. dxe6 {[%emt 0:00:03]} Rb8 {[%emt 0:01:46]} 42. Ra7 {[%emt 0:00:22]} Kf8 {[%emt 0:00:49]} 43. Rxh7 {[%emt 0:01:13]} Rb6 {[%emt 0:00:07]} 44. Rf7+ {[%emt 0:00:06]} Ke8 {[%emt 0:00:13]} 45. Rf6 {[%emt 0:00:20]} Rd6 {[%emt 0:00:27]} 46. Rxg6 {[%emt 0:00:39]} Ke7 {[%emt 0:01:03]} 47. Rg5 {[%emt 0:00:20]} Rd1+ {[%emt 0:01:24]} 48. Kf2 {[%emt 0:00:14]} Kd6 {[%emt 0:00:01]} 49. Rd5+ {[%emt 0:00:11]} Ke7 {[%emt 0:00:06]} 50. Rg5 Rd6 {[%emt 0:00:02]} 51. Kg1 {[%emt 0:00:09]} Rxe6 {[%emt 0:00:01]} 52. Rxc5 {[%emt 0:00:02]} Rxe4 1-0

[Event "Gibraltar Challengers B 2020"]
[Site "Caleta"]
[Date "2020.01.27"]
[Round "4.22"]
[White "Omovie Ejenavi"]
[Black "Perez Ruiz, Santiago"]
[Result "1/2-1/2"]
[WhiteElo "2089"]
[BlackElo "1953"]
[Annotator "NA"]
[PlyCount "50"]
[EventDate "2020.01.20"]
[EventType "swiss"]
[EventCountry "GGB"]
[SourceTitle "playchess.com"]
[Source "ChessBase"]
[SourceQuality "1"]
[TimeControl "6600+10"]

1. d4 {[%emt 0:00:00]} Nf6 {[%emt 0:01:59]} 2. c4 {[%emt 0:00:06]} e6 {[%emt 0:00:18]} 3. Nc3 {[%emt 0:00:06]} Bb4 {[%emt 0:00:23]} 4. e3 {[%emt 0:00:06]} c5 {[%emt 0:01:56]} 5. Nge2 {[%emt 0:00:06]} O-O {[%emt 0:02:26]} 6. a3 {[%emt 0:00:05]} cxd4 {[%emt 0:00:09]} 7. exd4 {[%emt 0:00:08]} Be7 {[%emt 0:02:08]} 8. d5 {[%emt 0:01:08]} d6 {[%emt 0:00:18] E42: Nimzo-Indian: Rubinstein: 4...c5 5 Ne2} (8... exd5 9. cxd5 Bc5 10. b4 Bd6 11. g3 Be5 12. Bg2 a5 13. b5 d6 14. Be3 Nbd7 15. O-O Nc5 16. f4 Bxc3 17. Nxc3 Bf5 18. Bxc5 dxc5 {½-½ (58) Flom,G (2467)-Alterman,B (2605) Israel 2019}) 9. g3 {[%emt 0:01:52]} e5 {[%emt 0:00:48]} 10. Bg2 {[%emt 0:00:06]} Nbd7 {[%emt 0:00:44]} 11. O-O {[%emt 0:00:19]} a5 {[%emt 0:07:44]} 12. h3 {[%emt 0:00:22]} Nc5 {[%emt 0:00:39]} 13. Be3 {[%emt 0:00:11]} Bf5 $146 {[%emt 0:07:41]} ({Predecessor:} 13... Na6 14. b4 axb4 15. axb4 Bd7 16. Qb3 {1-0 (39) Gaborit,J (2320)-Falgueras Marti,C Olot 1994}) 14. Bxc5 {[%emt 0:00:12]} dxc5 {[%emt 0:00:06]} 15. Nb5 {[%emt 0:00:13]} Ne8 {[%emt 0:03:26]} 16. Nec3 {[%emt 0:00:20]} Nd6 {[%emt 0:00:35]} 17. Qe2 {[%emt 0:00:38]} Bf6 {[%emt 0:09:23]} (17... Re8 $11) 18. Nxd6 {[%emt 0:00:30]} Qxd6 {[%emt 0:00:07]} 19. Nb5 {[%emt 0:00:27]} Qb6 {[%emt 0:04:38]} 20. Qe3 {[%emt 0:02:26]} Bd7 {[%emt 0:01:11]} 21. a4 {[%emt 0:00:21]} Bxb5 {[%emt 0:00:45]} 22. axb5 {[%emt 0:00:07]} Qd6 {[%emt 0:00:25]} 23. Rfe1 {[%emt 0:05:10]} b6 {[%emt 0:01:03]} 24. Rad1 {[%emt 0:00:40]} g6 {[%emt 0:01:18]} 25. h4 $15 {[%emt 0:00:18]} h5 {[%emt 0:01:02]} 1/2-1/2

[Event "Gibraltar Challengers B 2020"]
[Site "Caleta"]
[Date "2020.01.27"]
[Round "4.23"]
[White "Paul, Nathanael"]
[Black "Kukic, Boris"]
[Result "1-0"]
[WhiteElo "1987"]
[BlackElo "2056"]
[Annotator "NA RC"]
[PlyCount "57"]
[EventDate "2020.01.20"]
[EventType "swiss"]
[EventCountry "GGB"]
[SourceTitle "playchess.com"]
[Source "ChessBase"]
[SourceQuality "1"]
[TimeControl "6600+10"]

1. d4 {[%emt 0:00:00]} d5 {[%emt 0:00:28]} 2. Bf4 {[%emt 0:00:00]} Nf6 {[%emt 0:00:50]} 3. e3 {[%emt 0:00:04]} a6 {[%emt 0:00:24]} 4. Nd2 {[%emt 0:00:18]} b6 {[%emt 0:00:55]} 5. Bd3 {[%emt 0:00:12]} Bb7 {[%emt 0:00:11]} 6. c3 {[%emt 0:00:05]} e6 {[%emt 0:00:12]} 7. Ngf3 {[%emt 0:00:43]} Nbd7 {[%emt 0:00:20]} 8. Ne5 {[%emt 0:00:29]} Nxe5 {[%emt 0:00:16]} 9. Bxe5 {[%emt 0:00:54]} Bd6 {[%emt 0:00:09]} 10. f4 {[%emt 0:02:04]} h6 {[%emt 0:00:39]} 11. Qf3 {[%emt 0:02:44]} Qe7 {[%emt 0:03:31]} 12. O-O-O {[%emt 0:00:50]} Bxe5 {[%emt 0:00:16]} 13. fxe5 {[%emt 0:00:32]} Nd7 {[%emt 0:00:19]} 14. Rhf1 {[%emt 0:02:58]} b5 {[%emt 0:00:19]} 15. Qg3 {[%emt 0:00:28]} Qg5 {[%emt 0:00:35]} 16. Qf2 {[%emt 0:00:50]} f5 {[%emt 0:04:13]} 17. g4 {[%emt 0:00:41]} g6 {[%emt 0:00:29]} 18. h4 {[%emt 0:00:02]} Qe7 {[%emt 0:00:23]} 19. h5 {[%emt 0:00:10]} O-O-O {[%emt 0:01:23]} 20. hxg6 {[%emt 0:00:17]} fxg4 {[%emt 0:00:18]} 21. Qf7 {[%emt 0:00:55]} Qxf7 {[%emt 0:02:13]} 22. Rxf7 {[%emt 0:00:03]} h5 {[%emt 0:00:32]} 23. g7 {[%emt 0:00:02]} Rhe8 {[%emt 0:03:16]} 24. Rh1 {[%emt 0:00:23]} Nxe5 {[%emt 0:00:51]} 25. dxe5 {[%emt 0:00:46]} d4 {[%emt 0:00:08]} 26. Be4 {[%emt 0:00:48]} dxe3 {[%emt 0:00:09]} 27. Bxb7+ {[%emt 0:00:10]} Kxb7 {[%emt 0:00:07]} 28. Ne4 {[%emt 0:00:18]} e2 {[%emt 0:00:17]} 29. Nd6+ $18 {[%emt 0:00:35] Double Attack} 1-0

[Event "Gibraltar Challengers B 2020"]
[Site "Caleta"]
[Date "2020.01.27"]
[Round "4.24"]
[White "Patola, Eero"]
[Black "Karlsson, Jorgen"]
[Result "0-1"]
[WhiteElo "1831"]
[BlackElo "2054"]
[Annotator "NA"]
[PlyCount "152"]
[EventDate "2020.01.20"]
[EventType "swiss"]
[EventCountry "GGB"]
[SourceTitle "playchess.com"]
[Source "ChessBase"]
[SourceQuality "1"]
[TimeControl "6600+10"]

1. c4 {[%emt 0:00:00]} e5 {[%emt 0:00:03]} 2. Nc3 {[%emt 0:00:04]} Nc6 {[%emt 0:00:10]} 3. g3 {[%emt 0:00:16]} Bc5 {[%emt 0:02:44]} 4. Bg2 {[%emt 0:00:15]} a6 {[%emt 0:00:38]} 5. d3 {[%emt 0:02:20]} Nf6 {[%emt 0:01:53]} 6. h3 {[%emt 0:00:45]} d6 {[%emt 0:01:17]} 7. Nf3 {[%emt 0:03:19]} h6 {[%emt 0:02:11]} 8. O-O {[%emt 0:00:27]} Be6 {[%emt 0:00:20]} 9. a3 {[%emt 0:01:03]} Qd7 {[%emt 0:00:40]} 10. Kh2 {[%emt 0:00:16]} g5 {[%emt 0:01:08]} 11. b4 {[%emt 0:00:31]} Ba7 {[%emt 0:02:10]} 12. b5 {[%emt 0:00:39]} axb5 {[%emt 0:00:26]} 13. Nxb5 {[%emt 0:00:32]} Bb6 {[%emt 0:00:30]} 14. Be3 {[%emt 0:02:35]} Ba5 {[%emt 0:16:41]} 15. Rc1 {[%emt 0:05:08]} (15. Nd2 $1 $14) 15... g4 {[%emt 0:00:22]} 16. Ng1 {[%emt 0:00:20]} (16. Nd2 $11) 16... gxh3 {[%emt 0:00:17]} 17. Bxh3 {[%emt 0:03:18]} Bxh3 {[%emt 0:01:06]} 18. Nxh3 {[%emt 0:00:21]} Ng4+ {[%emt 0:00:35]} 19. Kg2 {[%emt 0:00:13]} d5 {[%emt 0:05:33]} 20. Bd2 {[%emt 0:02:32]} (20. d4 $17 {was worth a try.}) 20... d4 {[%emt 0:04:06]} (20... Bxd2 $142 21. Qxd2 d4) 21. e3 {[%emt 0:05:16]} Bxd2 {[%emt 0:00:52]} 22. Qxd2 {[%emt 0:00:16]} f5 $2 {[%emt 0:03:56]} ({Better is} 22... dxe3 $17 23. fxe3 O-O-O) 23. exd4 {[%emt 0:01:05]} Nxd4 {[%emt 0:00:15]} 24. Nxd4 {[%emt 0:01:41]} ({White should play} 24. f3 $11 Nb3 {[%mdl 64] Double Attack} 25. Qe2 Nxc1 26. Rxc1) 24... Qxd4 {[%emt 0:00:08]} ({Of course not} 24... exd4 $6 25. Rce1+ Kf7 26. Qb2 $16) 25. Qc3 {[%emt 0:00:14]} (25. Rce1 $1 $11) 25... c5 {[%emt 0:01:58]} (25... O-O-O $17 26. Rfd1 Qc5) 26. Qxd4 {[%emt 0:02:00]} cxd4 {[%emt 0:00:07]} 27. Rb1 {[%emt 0:01:17]} Rxa3 {[%emt 0:00:29]} 28. Rxb7 {[%emt 0:00:17]} O-O {[%emt 0:00:08]} 29. Rd1 {[%emt 0:00:28]} Ra2 {[%emt 0:00:28]} 30. Kg1 {[%emt 0:02:46]} Rfa8 {[%emt 0:05:17]} (30... Rf7 $5 {[%cal Rf7b7]} 31. Rb8+ Kh7 $15) 31. Rdb1 {[%emt 0:02:21]} Ra1 {[%emt 0:00:49]} 32. c5 {[%emt 0:02:52]} (32. f3 $1 $11 {keeps the balance.} Ne3 33. f4) 32... Rxb1+ {[%emt 0:01:09]} 33. Rxb1 {[%emt 0:00:10]} Kf7 {[%emt 0:01:59]} 34. f3 {[%emt 0:06:01]} Ne3 {[%emt 0:00:37]} 35. Nf2 {[%emt 0:00:19]} Rc8 {[%emt 0:02:18]} 36. Rc1 {[%emt 0:00:55]} h5 {[%emt 0:00:58]} 37. Kh2 {[%emt 0:00:47]} Ke6 {[%emt 0:00:27]} 38. Kh3 {[%emt 0:00:38]} Rc6 {[%emt 0:04:18]} 39. Kh4 {[%emt 0:01:06]} Kf6 {[%emt 0:00:33]} 40. g4 {[%emt 0:06:51]} hxg4 {[%emt 0:08:37]} 41. fxg4 {[%emt 0:01:16]} f4 {[%emt 0:03:14]} 42. Ne4+ {[%emt 0:02:15]} Kg6 {[%emt 0:00:21]} 43. Rb1 {[%emt 0:01:48]} Nd5 {[%emt 0:03:10]} 44. g5 {[%emt 0:05:14]} Rc8 {[%emt 0:01:08]} 45. Kg4 {[%emt 0:00:49]} Rh8 {[%emt 0:00:39]} 46. Nf2 {[%emt 0:02:19]} Ne3+ {[%emt 0:00:30]} 47. Kf3 {[%emt 0:00:24]} Kxg5 {[%emt 0:00:13]} 48. Ke4 {[%emt 0:01:38]} Rh2 {[%emt 0:03:10]} 49. Rg1+ {[%emt 0:01:03]} Kf6 {[%emt 0:00:28]} 50. Kf3 {[%emt 0:03:17]} Kf5 {[%emt 0:01:33]} 51. c6 {[%emt 0:04:49]} Rh7 {[%emt 0:00:44]} 52. Rc1 {[%emt 0:01:52]} Nd5 {[%emt 0:00:54]} 53. Rc5 {[%emt 0:01:04]} Ke6 {[%emt 0:00:25]} 54. Ke4 {[%emt 0:04:43]} (54. Ne4 $11 {remains equal.} Rg7 55. Rb5) 54... Nf6+ {[%emt 0:03:11]} 55. Kf3 {[%emt 0:00:18]} Kd6 {[%emt 0:01:02]} 56. Rb5 {[%emt 0:04:04]} (56. Ra5 $17 {was forced.}) 56... Re7 {[%emt 0:00:49]} 57. Rb6 {[%emt 0:00:57]} Rc7 {[%emt 0:00:58]} 58. Ne4+ {[%emt 0:03:19]} Nxe4 {[%emt 0:00:44]} 59. Kxe4 {[%emt 0:00:08]} Rxc6 {[%emt 0:00:25]} 60. Rb5 {[%emt 0:00:19]} Rc5 {[%emt 0:00:24]} 61. Rb6+ {[%emt 0:00:18]} Kc7 {[%emt 0:02:13]} 62. Re6 {[%emt 0:01:57]} Kd7 {[%emt 0:00:14]} 63. Rf6 {[%emt 0:00:25]} Rc6 {[%emt 0:00:44]} 64. Rf5 {[%emt 0:01:02]} Re6 {[%emt 0:01:22]} 65. Kd5 {[%emt 0:02:31]} Re8 {[%emt 0:01:16]} 66. Rf7+ {[%emt 0:00:52]} Re7 {[%emt 0:00:07]} 67. Rf5 {[%emt 0:00:14]} Kc7 {[%emt 0:00:10]} 68. Rf6 {[%emt 0:00:28]} e4 {[%emt 0:01:50]} 69. dxe4 {[%emt 0:05:25]} d3 {[%emt 0:00:08]} 70. Rc6+ {[%emt 0:00:54]} Kd8 {[%emt 0:00:36]} 71. Rc1 {[%emt 0:00:51]} Ke8 {[%emt 0:03:48]} 72. e5 {[%emt 0:00:13]} d2 {[%emt 0:02:24]} 73. Rd1 {[%emt 0:00:02]} f3 {[%emt 0:00:08]} 74. Ke4 {[%emt 0:00:03]} f2 {[%emt 0:00:09]} 75. Ke3 {[%emt 0:00:06]} Rf7 {[%emt 0:00:07]} 76. Ke2 {[%emt 0:00:13] [#]} f1=Q+ $19 {[%emt 0:00:15]} 0-1

[Event "Gibraltar Challengers B 2020"]
[Site "Caleta"]
[Date "2020.01.28"]
[Round "4.25"]
[White "Bujakevich, Aleksandr"]
[Black "Kozarcanin, Sead"]
[Result "1-0"]
[WhiteElo "2014"]
[BlackElo "2019"]
[Annotator "NA"]
[PlyCount "95"]
[EventDate "2020.01.20"]
[EventType "swiss"]
[EventCountry "GGB"]
[SourceTitle "playchess.com"]
[Source "ChessBase"]
[SourceQuality "1"]
[TimeControl "6600+10"]

1. e4 {[%emt 0:01:46]} e5 {[%emt 0:11:07]} 2. Nf3 {[%emt 0:00:00]} Nc6 {[%emt 0:00:02]} 3. Bc4 {[%emt 0:00:00]} Bc5 {[%emt 0:00:10]} 4. b4 {[%emt 0:00:22]} Bxb4 {[%emt 0:00:06]} 5. c3 {[%emt 0:00:13]} Bd6 {[%emt 0:00:16]} 6. d4 {[%emt 0:02:47]} Nf6 {[%emt 0:00:20] C51: Evans Gambit: Declined and Accepted without 5...Ba5} (6... Qe7 7. O-O f6 8. Re1 g6 9. Nbd2 Na5 10. Bd3 b6 11. Nc4 Nxc4 12. Bxc4 Bb7 13. a4 a5 14. Qd3 {0-1 (59) Nisipeanu,L (2665)-Bartel,M (2652) Germany 2014}) 7. O-O {[%emt 0:02:33]} O-O {[%emt 0:00:29]} 8. Re1 {[%emt 0:04:08]} h6 {[%emt 0:03:54]} 9. Nbd2 {[%emt 0:03:00]} Re8 {[%emt 0:09:03]} 10. Qc2 {[%emt 0:07:21]} Qe7 $146 {[%emt 0:11:17]} ({Predecessor:} 10... Bf8 11. Qb3 Qe7 12. Nxe5 Nxe5 13. dxe5 Ng4 14. Nf3 {1-0 (30) Meunier,C (2269)-Feryn,B (2153) Agen 2017}) 11. Nh4 {[%emt 0:17:13]} (11. Bf1 $11) 11... Kh7 {[%emt 0:06:21]} 12. Nf5 {[%emt 0:07:18]} Qf8 {[%emt 0:00:02] [#]} 13. f4 $1 {[%emt 0:09:49]} g6 {[%emt 0:04:50]} 14. fxe5 {[%emt 0:05:21]} gxf5 {[%emt 0:03:31]} 15. exf6 {[%emt 0:00:24]} Bf4 {[%emt 0:05:00]} 16. e5 {[%emt 0:09:00]} d6 {[%emt 0:01:18]} 17. Bd3 {[%emt 0:04:12]} dxe5 {[%emt 0:00:31]} 18. Bxf5+ {[%emt 0:00:11]} Kh8 {[%emt 0:00:17]} 19. Nf3 {[%emt 0:08:41]} Bxc1 {[%emt 0:01:34]} 20. Raxc1 {[%emt 0:00:40]} Bxf5 {[%emt 0:01:22]} 21. Qxf5 {[%emt 0:00:08]} exd4 {[%emt 0:00:45]} 22. cxd4 {[%emt 0:02:09]} Rxe1+ {[%emt 0:03:30]} 23. Rxe1 {[%emt 0:02:58]} Re8 {[%emt 0:01:55]} 24. Rxe8 {[%emt 0:01:02]} Qxe8 {[%emt 0:00:02]} 25. Qf4 {[%emt 0:00:52]} Kh7 {[%emt 0:01:09]} 26. g4 {[%emt 0:06:54]} Qd8 {[%emt 0:14:42]} 27. Qf5+ {[%emt 0:03:02]} Kg8 {[%emt 0:03:29]} 28. Qf4 {[%emt 0:04:23]} Kh7 $1 {[%emt 0:00:11]} 29. Kf2 {[%emt 0:01:21]} Qd5 {[%emt 0:00:52]} 30. a3 {[%emt 0:01:03]} Qd6 {[%emt 0:04:10]} 31. Qe4+ {[%emt 0:01:20]} Kg8 {[%emt 0:00:30]} 32. d5 {[%emt 0:01:57]} Nb8 {[%emt 0:04:52]} 33. Qe8+ {[%emt 0:00:39]} Qf8 {[%emt 0:00:07]} 34. Qe7 {[%emt 0:00:03]} Na6 {[%emt 0:03:27]} 35. Ne5 {[%emt 0:00:06]} Nc5 {[%emt 0:00:32]} 36. Kf3 {[%emt 0:01:27]} b6 {[%emt 0:00:13]} 37. Qxc7 {[%emt 0:00:32]} Na6 {[%emt 0:00:22]} 38. Qe7 {[%emt 0:00:12]} Nc5 $18 {[%emt 0:02:23]} 39. Qxa7 {[%emt 0:00:09]} Nb3 {[%emt 0:02:29]} 40. Qe7 {[%emt 0:00:13]} Nd4+ {[%emt 0:01:01]} 41. Kf2 {[%emt 0:00:44]} Nb5 {[%emt 0:00:00]} 42. a4 {[%emt 0:00:17]} Nc3 {[%emt 0:00:10]} 43. Qxf8+ {[%emt 0:00:14]} Kxf8 {[%emt 0:00:02]} 44. Nd7+ {[%emt 0:00:01]} Ke8 {[%emt 0:00:28]} 45. Nxb6 {[%emt 0:00:03]} Ne4+ {[%emt 0:00:08]} 46. Kf3 {[%emt 0:00:06]} Nxf6 {[%emt 0:00:03]} 47. a5 {[%emt 0:00:06]} Nxd5 {[%emt 0:01:47]} 48. Nxd5 {[%emt 0:00:03]} 1-0

[Event "Gibraltar Challengers B 2020"]
[Site "Caleta"]
[Date "2020.01.27"]
[Round "4.26"]
[White "Godoy Olazabal, Artur"]
[Black "O`neil, Jim"]
[Result "1-0"]
[WhiteElo "2154"]
[BlackElo "1870"]
[Annotator "ChessBase"]
[PlyCount "61"]
[EventDate "2020.01.20"]
[EventType "swiss"]
[EventCountry "GGB"]
[SourceTitle "playchess.com"]
[Source "ChessBase"]
[SourceQuality "1"]
[TimeControl "6600+10"]

1. d4 {[%emt 0:00:00]} f5 {[%emt 0:00:04]} 2. Nc3 {[%emt 0:00:08]} Nf6 {[%emt 0:00:11]} 3. f3 {[%emt 0:00:29]} d5 {[%emt 0:01:41]} 4. Bg5 {[%emt 0:01:35]} h6 {[%emt 0:01:28]} 5. Bxf6 {[%emt 0:00:58]} exf6 {[%emt 0:01:51]} 6. e4 {[%emt 0:00:36]} Bb4 {[%emt 0:03:34]} 7. exf5 {[%emt 0:00:30]} Bxf5 {[%emt 0:01:52]} 8. Bd3 {[%emt 0:00:05]} Qd7 {[%emt 0:01:44]} 9. Nge2 {[%emt 0:02:14]} Nc6 {[%emt 0:02:04]} 10. g4 {[%emt 0:03:39]} Bxd3 {[%emt 0:05:59]} 11. Qxd3 {[%emt 0:00:02]} O-O-O {[%emt 0:02:41]} 12. O-O-O {[%emt 0:01:03]} Rhe8 {[%emt 0:03:33]} 13. Nf4 {[%emt 0:04:36]} Bxc3 {[%emt 0:07:47]} 14. Qxc3 {[%emt 0:00:17]} Qd6 {[%emt 0:00:47]} 15. Qd2 {[%emt 0:03:03]} Na5 {[%emt 0:03:07]} 16. b3 {[%emt 0:02:33]} Qa3+ {[%emt 0:05:45]} 17. Kb1 {[%emt 0:05:05]} Rd6 {[%emt 0:07:07]} 18. Rhe1 {[%emt 0:01:22]} Red8 {[%emt 0:04:20]} 19. Ne6 {[%emt 0:02:13]} Ra6 {[%emt 0:05:38]} 20. Qc1 {[%emt 0:00:45]} Qxc1+ {[%emt 0:10:46]} 21. Kxc1 {[%emt 0:01:42]} Rg8 {[%emt 0:00:30]} 22. Nf4 {[%emt 0:00:33]} Rd6 {[%emt 0:02:09]} 23. Re3 {[%emt 0:03:45]} Nc6 {[%emt 0:02:16]} 24. c3 {[%emt 0:00:09]} Kd7 {[%emt 0:01:01]} 25. Rde1 {[%emt 0:00:11]} g5 {[%emt 0:01:06]} 26. Nh5 {[%emt 0:06:37]} f5 {[%emt 0:07:54]} 27. gxf5 {[%emt 0:00:15]} g4 {[%emt 0:00:04]} 28. Rg1 {[%emt 0:00:31]} Rg5 {[%emt 0:00:46]} 29. fxg4 {[%emt 0:00:10]} Ne7 {[%emt 0:00:49]} 30. f6 {[%emt 0:00:18]} Nf5 {[%emt 0:00:41]} 31. f7 {[%emt 0:00:09]} 1-0

[Event "Gibraltar Challengers B 2020"]
[Site "Caleta"]
[Date "2020.01.27"]
[Round "4.27"]
[White "Ruiz Buendia, Miguel"]
[Black "Bengherabi, Khalil"]
[Result "0-1"]
[WhiteElo "1917"]
[BlackElo "2106"]
[Annotator "ChessBase"]
[PlyCount "48"]
[EventDate "2020.01.20"]
[EventType "swiss"]
[EventCountry "GGB"]
[SourceTitle "playchess.com"]
[Source "ChessBase"]
[SourceQuality "1"]
[TimeControl "6600+10"]

1. e4 {[%emt 0:02:34]} c5 {[%emt 0:00:00]} 2. Nf3 {[%emt 0:00:03]} d6 {[%emt 0:01:19]} 3. d4 {[%emt 0:00:04]} cxd4 {[%emt 0:00:03]} 4. Nxd4 {[%emt 0:00:08]} Nf6 {[%emt 0:00:04]} 5. Nc3 {[%emt 0:00:05]} g6 {[%emt 0:00:04]} 6. Be3 {[%emt 0:00:09]} a6 {[%emt 0:01:51]} 7. a4 {[%emt 0:00:31]} b6 {[%emt 0:00:35]} 8. f3 {[%emt 0:00:48]} Bb7 {[%emt 0:00:05]} 9. Qd2 {[%emt 0:01:55]} Bg7 {[%emt 0:07:24]} 10. Be2 {[%emt 0:02:10]} O-O {[%emt 0:00:06]} 11. g4 {[%emt 0:00:45]} Nc6 {[%emt 0:10:55]} 12. h4 {[%emt 0:09:24]} Rc8 {[%emt 0:29:44]} 13. h5 {[%emt 0:06:37]} Nxd4 {[%emt 0:01:46]} 14. Bxd4 {[%emt 0:00:19]} e5 {[%emt 0:01:01]} 15. Be3 {[%emt 0:02:07]} Qc7 {[%emt 0:07:05]} 16. Bh6 {[%emt 0:11:52]} Bxh6 {[%emt 0:05:51]} 17. Qxh6 {[%emt 0:00:52]} Qe7 {[%emt 0:08:36]} 18. g5 {[%emt 0:05:19]} Nxh5 {[%emt 0:01:09]} 19. Bxa6 {[%emt 0:08:58]} Rxc3 {[%emt 0:02:03]} 20. Bxb7 {[%emt 0:05:41]} Rxc2 {[%emt 0:00:10]} 21. Bd5 {[%emt 0:01:35]} Rfc8 {[%emt 0:05:27]} 22. a5 {[%emt 0:06:16]} bxa5 {[%emt 0:01:58]} 23. Rxh5 {[%emt 0:10:52]} gxh5 {[%emt 0:00:41]} 24. g6 {[%emt 0:04:57]} Qh4+ {[%emt 0:00:07]} 0-1